[Event "Tashkent FIDE GP"]
[Site "Tashkent"]
[Date "2014.11.02"]
[Round "11"]
[White "Vachier Lagrave, Maxime"]
[Black "Nakamura, Hikaru"]
[Result "1/2-1/2"]
[WhiteElo "2757"]
[BlackElo "2764"]
[Annotator "CB"]
[PlyCount "60"]
[EventDate "2014.10.21"]
[EventType "tourn"]
[EventRounds "11"]
[EventCountry "UZB"]
[EventCategory "21"]
[SourceTitle "CBM 163"]
[Source "ChessBase"]
[SourceDate "2014.11.11"]
[SourceVersion "1"]
[SourceVersionDate "2014.11.11"]
[SourceQuality "1"]

1. e4 e5 2. Nf3 Nc6 3. Bb5 a6 4. Ba4 Nf6 5. O-O b5 6. Bb3 Bc5 7. a4 Rb8 8. axb5
axb5 9. Nxe5 Nxe5 10. d4 Bxd4 11. Qxd4 d6 12. f4 Nc6 13. Qc3 Ne7 14. Qd3 (14.
Ra7 {was seen in the very, very recent Andreikin-Nakamura game.}) 14... O-O 15.
Nc3 b4 16. e5 (16. Ne2 d5 17. exd5 Bf5 18. Qd1 Nexd5 {seems acceptable for
Black in Svidler-Shirov, 2009}) 16... Bf5 17. Qe2 Nd7 18. Na4 dxe5 19. Be3 (19.
fxe5 Be6 {is not much for White, so MVL tries to use the little time he has to
mount an initiative without recovering his pawn on e5.}) 19... Ra8 20. Rad1 Qe8
21. Nc5 (21. fxe5 $1 {now was the time to take.} Be6 (21... Nxe5 22. Bc5 N5c6
23. Rfe1 {is also very unpleasant. It is hard to believe Black won't lose
material here.}) (21... Kh8 $1 {Like in the game, would still be the best move.
}) 22. Nc5 Nxc5 23. Bxc5 {is very ugly for Black.}) 21... Ra5 22. Nb7 Ra8 23.
fxe5 Kh8 24. Nd6 $6 {Cashing in too quickly costs White a large part of his
advantage.} (24. Qb5 $1 $16 {keeps a huge amount of pressure on the queenside
and it is not trivial how Black will untangle.}) 24... cxd6 25. exd6 Bg6 26.
dxe7 Qxe7 27. Qf2 Rac8 28. Rd5 Rfe8 {The pair of bishops is nice, but Black is
fully mobilized and there is strong pressure against c2.} 29. Bd4 $6 (29. Bf4
$1 $14) 29... f6 30. Ba4 Red8 1/2-1/2

[Event "Jermuk FIDE GP (Women)"]
[Site "Jermuk"]
[Date "2012.07.25"]
[Round "8"]
[White "Hou, Yifan"]
[Black "Ruan, Lufei"]
[Result "1-0"]
[WhiteElo "2617"]
[BlackElo "2483"]
[Annotator "CB"]
[PlyCount "79"]
[EventDate "2012.07.16"]
[EventType "tourn"]
[EventRounds "11"]
[EventCountry "ARM"]
[EventCategory "11"]
[SourceTitle "CBM 150"]
[Source "ChessBase"]
[SourceDate "2012.09.14"]
[SourceVersion "1"]
[SourceVersionDate "2012.09.14"]
[SourceQuality "1"]

{In this game the women's world champion didn't get too much out of the
opening, though it was probably a bit easier to play with White. However, in
the middle game, White deployed active measures and forced Black to commit a
mistake.} 1. e4 e5 2. Nf3 Nc6 3. Bb5 a6 4. Ba4 Nf6 5. d3 b5 6. Bb3 Bc5 7. c3 d6
8. O-O h6 9. Be3 O-O 10. Nbd2 Re8 11. h3 Rb8 12. d4 Bb6 13. Bc2 Bd7 14. Re1 Qc8
15. a3 Na5 16. b4 exd4 17. Bxd4 Bxd4 18. cxd4 Nc4 19. Nxc4 bxc4 20. Nd2 Bb5 21.
Qf3 Qe6 22. Rab1 d5 23. e5 Nh7 24. Nf1 Ng5 25. Qc3 f5 26. h4 Ne4 27. Qh3 Bd7
28. Rbc1 Qf7 29. Qe3 Nf6 ({necessary was} 29... a5 30. bxa5 Ra8 {with hopes
for counterplay.}) 30. Qf3 Ng4 31. Qf4 h5 32. Ng3 {after which White was able
to realize her advantage and earn the victory.} Rf8 33. f3 Nh6 34. Qg5 Be8 35.
e6 Qg6 36. Re5 c6 37. Ne2 Kh7 38. Nf4 Qxg5 39. hxg5 Ng8 40. e7 1-0

[Event "Bazna Kings 3rd"]
[Site "Bazna"]
[Date "2009.06.17"]
[Round "4"]
[White "Nisipeanu, Liviu Dieter"]
[Black "Shirov, Alexei"]
[Result "1/2-1/2"]
[WhiteElo "2675"]
[BlackElo "2745"]
[Annotator "CB"]
[PlyCount "61"]
[EventDate "2009.06.14"]
[EventType "tourn"]
[EventRounds "10"]
[EventCountry "ROU"]
[EventCategory "20"]
[SourceTitle "CBM 131"]
[Source "ChessBase"]
[SourceDate "2009.07.15"]
[SourceVersion "1"]
[SourceVersionDate "2009.07.15"]
[SourceQuality "1"]

1. e4 e5 2. Nf3 Nc6 3. Bb5 a6 4. Ba4 Nf6 5. O-O b5 6. Bb3 Bc5 7. a4 Rb8 8. axb5
axb5 {Diagram1 There have been almost 140 games played with this position in
practice and strictly speaking the theory of the variation didn't even start
yet. Shirov is a specialist here, having played this position 9 times before.
The main move is 9.Nxe5 followed by 10.d4. However, the Romanian Grandmaster
is known for his original approach to find new ideas rather than study long
theory.} 9. Bd5 {A new move.} O-O 10. Bxc6 dxc6 11. d3 ({Taking the pawn
favours Black:} 11. Nxe5 Nxe4 {since with the bishop pair Black is aiming to
open the position. For instance now} 12. Nxc6 {loses due to} Bxf2+ 13. Rxf2
Nxf2 14. Qf3 ({or} 14. Qe2 Nh3+ $1 15. gxh3 Qg5+ 16. Qg2 Qxg2+ 17. Kxg2 Bb7) (
14. Kxf2 Qh4+ 15. Kg1 Re8 16. g3 Qe4 17. Nxb8 Bh3) 14... Qe8 15. Kxf2 Bb7)
11... Bg4 12. h3 Bh5 13. Be3 ({After} 13. g4 {Black has a strong knight
sacrifice:} Nxg4 14. hxg4 Bxg4 15. Be3 (15. Kg2 f5 {is worse}) 15... Bd6 16.
Nbd2 f5 {with a strong attack for Black}) 13... Bxe3 $1 14. fxe3 Bxf3 $1 {
Simple and strong. 15.g4 was a positional threat and Shirov exchanges right
away the potentially dangerous knight.} 15. Qxf3 Qd6 {Diagram2} 16. Nd2 {
White's plan is to build up pressure on the kingside and therefore Black
should look for counterplay either in the center, or on the opposite wing.} Ra8
17. Qe2 Nd7 18. Nf3 c5 19. b3 g6 20. Ng5 {White creates the threat to take on
a8 and then on f7.} Nf6 {Shirov carefully refrains from making any further
pawn moves in front of his king (20...f6 was the alternative). Black also
wouldn't be happy to take on a1 yet, which would hand White over the control
of the a-file.} 21. Qf2 Rxa1 22. Rxa1 h6 23. Rf1 (23. Nf3 {would have kept
more pressure in the position.}) 23... Kg7 {Diagram3} 24. Qxf6+ Qxf6 25. Rxf6
Kxf6 26. Nh7+ Ke7 27. Nxf8 Kxf8 28. Kf2 Ke7 29. Ke2 h5 30. Kf3 Kf6 31. g3 {
Diagram4} 1/2-1/2

[Event "Zuerich Chess Challenge"]
[Site "Zuerich"]
[Date "2013.02.27"]
[Round "4"]
[White "Anand, Viswanathan"]
[Black "Caruana, Fabiano"]
[Result "0-1"]
[WhiteElo "2780"]
[BlackElo "2757"]
[Annotator "CB"]
[PlyCount "90"]
[EventDate "2013.02.23"]
[EventType "tourn"]
[EventRounds "6"]
[EventCountry "SUI"]
[EventCategory "21"]
[SourceTitle "CBM 153"]
[Source "ChessBase"]
[SourceDate "2013.03.14"]
[SourceVersion "1"]
[SourceVersionDate "2013.03.14"]
[SourceQuality "1"]

1. e4 e5 2. Nf3 Nc6 3. Bb5 a6 4. Ba4 Nf6 5. O-O b5 6. Bb3 Bc5 7. c3 d6 8. d4
Bb6 9. Be3 O-O 10. Nbd2 h6 11. h3 Re8 12. Re1 Bd7 13. Bc2 Rb8 14. Rc1 Nh7 15.
Bd3 Qf6 16. Nb3 Nf8 17. Kh2 {Der König deckt h3 und verhindert
Läufereinschläge.} g5 {Mutig gespielt, denn das Feld f5 könnte sich leicht als
Schwäche erweisen.} 18. d5 Ne7 19. c4 Bxe3 20. Rxe3 c5 21. dxc6 Bxc6 22. Kg1
Nfg6 {Bis hier hat Weiß sicher nichts falsch gemacht und steht vielleicht
geringfügig vorteilhaft, aber beginnend mit dem nächsten Zug findet der
Weltmeister keinen guten Plan.} 23. Nfd2 ({Z.B.} 23. cxb5 axb5 24. Na5 {
kann besser gefallen.}) 23... Nf4 24. Bf1 Bd7 25. c5 ({Und hier stärker} 25. g3
{, denn} Nxh3+ $2 26. Bxh3 Bxh3 {scheitert an} 27. g4 $1) 25... Red8 26. Qe1
Nc6 27. Nf3 $6 ({Stattdessen ist} 27. cxd6 {ausgeglichen.}) 27... d5 $1 {
Schwarz hat den weißen c-Bauern ideal blockiert und besitzt im Zentrum ein
Übergewicht.} 28. exd5 Nxd5 29. Rxe5 $6 {Das Qualitätsopfer war sicher so
geplant, aber Weiß erhält keine ausreichende Kompensation.} ({Nach dem besseren
} 29. Rd3 Be6 {sind aber die schwarzen Steine ebenfalls vorzuziehen.}) 29...
Nxe5 30. Qxe5 Be8 31. Na5 Qxe5 32. Nxe5 Ne7 $1 {Verteidigt gegen die Gabel auf
c6 und macht die d-Linie für den Rd8 frei. Noch wichtiger: der Springer strebt
nach c6, womit der Bauer c5 erneut blockiert wird.} 33. a3 Rbc8 34. Nd3 Nc6 35.
Nb7 Rd4 36. Nd6 Rd8 37. Re1 Bd7 38. g4 Be6 39. Re3 Kf8 40. b4 Ne7 41. Bg2 $2 {
Es war klar, dass Schwarz mit ...Nc8 den Nd6 abtauschen will, aber nun kann er
nachfolgend zusätzlich ein Turmpaar tauschen.} ({Mehr Widerstand leistet} 41.
Nb7 R8d7 42. Nd6 {und Weiß ist noch lange nicht verloren.}) 41... Nc8 $1 42.
Nxc8 Bxc8 43. Ne5 Re8 $1 44. Rd3 Rxd3 45. Nxd3 Re2 0-1

[Event "Mercosur Cup"]
[Site "Villa Martelli"]
[Date "2009.08.05"]
[Round "2"]
[White "Obregon, Carlos Andres"]
[Black "Rodriguez Vila, Andres"]
[Result "1-0"]
[WhiteElo "2406"]
[BlackElo "2522"]
[Annotator "CB"]
[PlyCount "135"]
[EventDate "2009.08.04"]
[EventType "tourn"]
[EventRounds "11"]
[EventCountry "ARG"]
[EventCategory "7"]
[SourceTitle "CBM 131 Extra"]
[Source "ChessBase"]
[SourceDate "2009.09.03"]
[SourceVersion "2"]
[SourceVersionDate "2009.09.16"]
[SourceQuality "1"]

1. e4 e5 2. Nf3 Nc6 3. Bb5 a6 4. Ba4 Nf6 5. O-O b5 6. Bb3 Bc5 7. a4 Ba7 8. d3
d6 9. h3 Be6 (9... h6 10. Nc3 Bb7 11. Bd2 bxa4 12. Rxa4 O-O 13. Nd5 Nd4 14.
Nxd4 Bxd4 15. Ne3 Nd7 16. Nf5 Kh7 17. Nxd4 exd4 18. Rxd4 Nc5 19. Bd5 Bxd5 20.
Rxd5 c6 21. Rh5 Ne6 22. Qg4 Qf6 23. Bc3 Qg6 24. f4 Qxg4 25. hxg4 g6 26. Rh3 Ng7
27. Kf2 f6 28. Rfh1 h5 29. gxh5 {1-0 Handke,F (2471)-Reitzler,S (2072)/Fuerth
2002/CBM 090 ext}) 10. c3 O-O 11. Bc2 d5 12. Nbd2 h6 13. Re1 Re8 14. a5 Qd7 15.
Nf1 Rad8 16. Be3 dxe4 17. dxe4 Qxd1 18. Rexd1 Rxd1 19. Rxd1 Bxe3 20. Nxe3 Nxa5
21. Ra1 Nc4 22. Nxc4 Bxc4 23. Rxa6 b4 24. Rc6 b3 25. Bd1 Rd8 26. Rxc4 Rxd1+ 27.
Kh2 Rb1 28. Nxe5 Rxb2 29. Rb4 Rxf2 30. Rxb3 Nxe4 31. Rb8+ Kh7 32. Rc8 f6 33.
Nd7 h5 34. h4 Nxc3 35. Rxc7 Nd5 36. Ra7 Ne3 37. Kg3 Rf1 38. Ra4 Kg6 39. Nc5 Rh1
40. Kf2 Nf5 41. g3 Rh2+ 42. Kg1 Re2 43. Ra3 Ne3 44. Ne4 Nc4 45. Nc3 Re3 46. Kf2
{Diagrama #} Rd3 (46... Rxg3 $1 47. Kxg3 Nxa3) (46... Kf5 $1 47. Rb3 (47. Ra5+
Kg4 48. Ra7 Rxc3) 47... Kg4) 47. Rb3 Ne5 (47... Kh6 48. Kg2 Ne3+ 49. Kh3 Nd1)
48. Ra3 Ng4+ 49. Kg2 Ne3+ 50. Kh3 Nf1 $6 (50... Nc4 51. Rb3 Kh6 $1 52. Kh2 Ne3
53. Ra3 Nf1+ 54. Kg1 Nxg3) 51. Nb1 {Diagrama #} Rd1 $6 (51... Rxa3 52. Nxa3 Ne3
53. Nb5 Kf5 54. Nc3 (54. Nd4+ Ke4 55. Ne6 g6 56. Nf8 Kf3 57. Nxg6 Nf5 58. Nf4
Nxg3 59. Ng6 Ne2 60. Ne7 Nf4+ 61. Kh2 Kg4 62. Ng8 Nd5 63. Kg2 Kxh4 $19) 54...
g6 55. Ne2 Ke4 56. Nf4 Kf3 57. Nxg6 Nf5 58. Nf8 Nxg3 $19) 52. Rb3 Rc1 53. Kg2
Kf7 54. Rb7+ Ke6 55. Kf2 Nh2 56. Nd2 Ng4+ 57. Ke2 g6 58. Rb6+ Kd5 59. Rb5+ Kc6
(59... Rc5 60. Rxc5+ Kxc5 61. Kf3 Kd4 $17) 60. Rb3 Rg1 61. Kf3 Kd5 62. Rd3+ Ke6
63. Rb3 Re1 (63... Kf5 64. Rb5+ Ne5+ 65. Kf2 Rc1 $17) 64. Ra3 Kd5 65. Rd3+ Kc5
$6 (65... Ke5 66. Nc4+ Kf5 67. Nd6+ Ke6) 66. Rd8 Re5 67. Kf4 Re6 68. Rg8 $138 {
y las negras perdieron por tiempo.} 1-0

[Event "Vienna op"]
[Site "Vienna"]
[Date "1996.??.??"]
[Round "8"]
[White "Lau, Ralf"]
[Black "Onischuk, Alexander"]
[Result "0-1"]
[WhiteElo "2510"]
[BlackElo "2605"]
[Annotator "Chekhov,V"]
[PlyCount "58"]
[EventDate "1996.??.??"]
[EventType "swiss"]
[EventRounds "9"]
[EventCountry "AUT"]
[SourceTitle "CBM 053 Extra"]
[Source "ChessBase"]
[SourceDate "1996.09.01"]
[SourceVersion "1"]
[SourceVersionDate "1996.09.01"]
[SourceQuality "1"]

1. e4 e5 2. Nf3 Nc6 3. Bb5 a6 4. Ba4 Nf6 5. O-O b5 6. Bb3 Bc5 7. Nxe5 (7. c3 d6
8. a4 Rb8 9. d4 Bb6 10. axb5 axb5 11. Na3 Bg4 12. Nxb5 O-O 13. Be3 exd4 14.
cxd4 Qe8 15. Ba4 Nxe4 $132 {Almasi,Z-Onischuk,A/Wijk aan Zee/1995/0,5/39/})
7... Nxe5 8. d4 Bxd4 9. Qxd4 d6 10. c3 (10. f4 c5 11. Qc3 Nxe4 12. Qe1 Bb7 13.
Nc3 Nxc3 14. Bxf7+ Kxf7 15. fxe5+ Kg8 16. bxc3 dxe5 17. Qxe5 Qd5 18. Qxd5+ Bxd5
$10 {Akopian,V-Malaniuk,V/Moscow/1994/0,5/25/}) (10. c4 c5 11. Qd1 O-O (11...
bxc4 12. Bxc4 Nxc4 13. Qa4+ $36) 12. cxb5 axb5 13. Bg5 c4 14. Bc2 b4 15. Nd2
Ba6 16. Re1 Ng6 17. Nf1 h6 18. Bd2 Rb8 $13 {Kruppa,Y-Onischuk,A/Nikolaev/1995/
1|0/54/}) 10... Bb7 11. f3 c5 (11... h6 12. Rd1 O-O 13. a4 Qe7 14. axb5 axb5
15. Rxa8 Rxa8 16. Na3 Bc6 17. c4 bxc4 18. Nxc4 Ba4 $10 {Stefansson,H-Malaniuk,
V/Moscow/1994/0,5/31/}) 12. Qe3 (12. Qd1 O-O 13. a4 Bc6 14. Na3 Re8 15. c4 bxc4
16. Nxc4 Nxc4 17. Bxc4 d5 18. exd5 Bxd5 19. b3 Bxc4 20. bxc4 Qc7 $10 {De
Firmian,N-Tkachiev,V/New York/1995/0,5/29/}) 12... O-O 13. Rd1 Re8 14. h3 (14.
a4 $5) 14... Qc7 15. Qf2 c4 16. Bc2 d5 17. f4 (17. exd5 Nxd5 $36) 17... Nd3 $1
18. Bxd3 cxd3 19. e5 (19. exd5 Re2 20. Qg3 Bxd5 21. Rd2 Rae8 $17) 19... d4 $1 (
19... Ne4 20. Qd4 f6 $132) 20. Rxd3 (20. exf6 Re2 21. Qxd4 (21. Qg3 Rxg2+ 22.
Qxg2 Bxg2 23. Kxg2 Re8 $17) 21... Qc6 $19) 20... Ne4 21. Qf1 (21. Qxd4 Rad8 22.
Qe3 Rxd3 23. Qxd3 Rd8 24. Qf1 Ng3 25. Qe1 Qc6 26. Qxg3 Rd1+ 27. Kh2 Rxc1 $19)
21... Rad8 22. Rxd4 (22. cxd4 $5) 22... f6 23. Na3 (23. exf6 Ng3 24. Qf2 Ne2+
$19) 23... fxe5 24. fxe5 Rf8 (24... Qxe5 25. Bf4 Qc5 26. Qd3 $13) 25. Qe1 Qc6
26. Kh2 Rf2 27. Be3 Rxd4 (27... Rxg2+ 28. Kxg2 Ng5+ 29. Kg3 Qg2+ 30. Kf4 (30.
Kh4 Nf3+ 31. Kh5 Qg6#) 30... Ne6+ 31. Kf5 Qg6#) 28. Bxf2 Ng5 29. Kg3 $4 (29.
Qg1 Rd2 $17) 29... Qxg2# 0-1

[Event "WchT 4th"]
[Site "Luzern"]
[Date "1997.11.01"]
[Round "8.2"]
[White "Svidler, Peter"]
[Black "Benjamin, Joel"]
[Result "0-1"]
[WhiteElo "2660"]
[BlackElo "2580"]
[Annotator "ChessBase"]
[PlyCount "156"]
[EventDate "1997.10.25"]
[EventType "team-tourn"]
[EventRounds "9"]
[EventCountry "SUI"]
[SourceTitle "CBM 062"]
[Source "ChessBase"]
[SourceDate "1998.01.31"]
[SourceVersion "1"]
[SourceVersionDate "1998.01.31"]
[SourceQuality "1"]
[WhiteTeam "Russia"]
[BlackTeam "US of America"]
[WhiteTeamCountry "RUS"]
[BlackTeamCountry "USA"]

1. e4 e5 2. Nf3 Nc6 3. Bb5 a6 4. Ba4 Nf6 5. O-O Bc5 6. c3 b5 7. Bc2 d6 8. a4
Bg4 9. h3 Bh5 10. b4 Bb6 11. axb5 axb5 12. Rxa8 Qxa8 13. Na3 Nd8 14. Nxb5 Nxe4
15. d4 O-O 16. dxe5 dxe5 17. Qe2 f5 18. Kh2 c6 19. Na3 Bc7 20. g4 Bf7 21. Bxe4
fxe4 22. Ng5 Bg6 23. Qc4+ Kh8 24. Nxe4 Ne6 25. f3 Nf4 26. Bxf4 Rxf4 27. Nb1 Bb6
28. Nbd2 Rf8 29. Kg2 Be3 30. Qe2 Bf4 31. Nb3 Bxe4 32. fxe4 Qa3 33. Qc2 Qa6 34.
Nc5 Qc4 35. Qd3 Qg8 36. Qd7 Rd8 37. Qe6 Rd2+ 38. Rf2 Qd8 $1 39. Nb3 $2 $138 (
39. Rxd2 Qxd2+ 40. Kf1 $11) 39... Rd3 $1 40. Rf3 Rxf3 41. Kxf3 Qd3+ $19 42. Kf2
Qe3+ 43. Kf1 Qf3+ 44. Ke1 Qxc3+ 45. Kf2 Qe3+ 46. Kf1 Qf3+ 47. Ke1 Qg3+ 48. Ke2
Qe3+ 49. Kf1 Qxh3+ 50. Kf2 Qg3+ 51. Kf1 Qd3+ 52. Kf2 Qe3+ 53. Kf1 Qf3+ 54. Ke1
Qxe4+ 55. Kf1 Qf3+ 56. Ke1 Qe3+ 57. Kf1 Qd3+ 58. Kf2 Be3+ 59. Ke1 h6 60. Qc8+
Kh7 61. Qf5+ Qxf5 62. gxf5 Kg8 63. Na5 Kf7 64. Ke2 Bb6 65. Kd3 Kf6 66. Ke4 c5
67. Nc6 c4 68. b5 c3 69. Nb4 Ba5 70. Nd5+ Kg5 71. Kd3 e4+ 72. Kc2 Kxf5 73. b6
Bxb6 74. Nxb6 h5 75. Nd5 h4 76. Kxc3 h3 77. Ne3+ Kf4 78. Nf1 g5 0-1

[Event "Manila m"]
[Site "Manila"]
[Date "1998.02.17"]
[Round "2"]
[White "Antonio, Rogelio Jr"]
[Black "Torre, Eugenio"]
[Result "1-0"]
[WhiteElo "2520"]
[BlackElo "2560"]
[Annotator "ChessBase"]
[PlyCount "77"]
[EventDate "1998.02.15"]
[EventType "match"]
[EventRounds "12"]
[EventCountry "PHI"]
[SourceTitle "CBM 064"]
[Source "ChessBase"]
[SourceDate "1998.06.02"]
[SourceVersion "1"]
[SourceVersionDate "1998.06.02"]
[SourceQuality "1"]

1. e4 e5 2. Nf3 Nc6 3. Bb5 a6 4. Ba4 Nf6 5. O-O Bc5 6. c3 b5 7. Bb3 d6 8. d4
Bb6 9. h3 Bb7 10. Re1 O-O 11. a4 (11. Be3 exd4 12. cxd4 Na5 13. d5 Nxb3 14.
axb3 c6 15. dxc6 Bxc6 16. Nbd2 Re8 17. Qb1 Ba5 {Lautier,J-Shirov,A/
Amber-rapid6th 1997/EXP 57/0-1 (72)}) 11... Na5 $6 (11... h6 12. Na3 (12. d5
Ne7 13. axb5 axb5 14. Rxa8 Bxa8 15. Na3 c6 16. dxc6 Bxc6 17. Bc2 Ng6 18. Bd3
Qd7 19. b4 Ra8 20. c4 Rxa3 21. Bxa3 bxc4 22. Bxc4 Nxe4 23. Rxe4 Bxe4 24. Bb2
Qc6 25. Qb3 d5 26. Bf1 Qf6 27. Bc1 Nh4 28. Be2 Bxf3 29. Bxf3 e4 30. Bb2 Nxf3+
31. gxf3 Qg5+ {0-1 Adams,M-Onischuk,A/Wijk op 1995/CBM 46}) 12... Ne7 13. Bc2
Ng6 14. Be3 Nxe4 15. dxe5 Bxe3 16. Rxe3 Ng5 17. Nxg5 Qxg5 18. g3 dxe5 19. axb5
Rfd8 20. Qg4 Qxg4 21. hxg4 axb5 22. Bxg6 fxg6 23. Rxe5 Rd2 24. Rxb5 {1/2-1/2
Smirin,I-Malaniuk,V/Formia op 1995/EXT 95op}) (11... Re8 12. axb5 axb5 13. Rxa8
Bxa8 14. d5 Na5 15. Ba2 c6 16. dxc6 Bxc6 17. Bg5 h6 18. Bxf6 Qxf6 19. Na3 Bd7
20. Qd3 Rb8 {0-1 Paavilainen,J-Lane,G/BEL-chT9697 1997/EXT 97 (34)}) 12. Bc2 c5
(12... exd4 13. cxd4 Re8 14. Nbd2 b4 15. b3 $14) 13. d5 c4 14. Na3 Qd7 {
[%csl Yb7]} 15. Be3 Bxe3 16. Rxe3 Rfb8 17. Nd2 Bc8 18. b4 cxb3 19. Nxb3 Nxb3
20. Bxb3 Qc7 21. Nc2 a5 22. axb5 Rxb5 23. Ba4 Rc5 24. Na3 Ba6 25. Bc6 Rb8 26.
Rb1 Rb6 27. Qc2 g6 (27... Rxb1+ 28. Nxb1 {[%csl Yc5]}) 28. Ree1 Rbxc6 29. dxc6
Qxc6 30. Qb2 Kg7 (30... Nxe4 $5 31. Qb6 Qxb6 32. Rxb6 Bd3 33. c4 d5 $13) 31.
Qb8 Nd7 (31... Rxc3 32. Rb6 Qc5 33. Qxd6 Qxd6 34. Rxd6 Bb7 35. Nb1 Rc2 36. f3
$14) 32. Qd8 Bd3 33. Rbd1 Rxc3 34. Nb1 (34. Qxa5 Qc5 35. Qxc5 Nxc5 36. Nb1 Rb3
37. Nd2 Rb2 $11) 34... Bxb1 35. Rxb1 a4 36. Rbd1 a3 $2 (36... Rc5 $142) 37. Qe7
a2 38. Kh2 Qc5 $4 (38... Rb3 39. Rxd6 Qxd6 40. Qxd6 Rb1 41. Qd1 Rxd1 42. Rxd1
Nc5 43. Ra1 Nxe4 44. Rxa2 Kf6 $14) 39. Qxd7 1-0

[Event "YUG-chT"]
[Site "Tivat"]
[Date "1995.??.??"]
[Round "6"]
[White "Popovic, Petar"]
[Black "Tseshkovsky, Vitaly"]
[Result "1/2-1/2"]
[WhiteElo "2555"]
[BlackElo "2540"]
[Annotator "Dolmatov,S"]
[PlyCount "45"]
[EventDate "1995.??.??"]
[EventType "team-swiss"]
[EventRounds "11"]
[EventCountry "YUG"]
[SourceTitle "CBM 048 Extra"]
[Source "ChessBase"]
[SourceDate "1995.11.01"]
[SourceVersion "1"]
[SourceVersionDate "1995.11.01"]
[SourceQuality "1"]

1. e4 e5 2. Nf3 Nc6 3. Bb5 a6 4. Ba4 Nf6 5. O-O b5 6. Bb3 Bc5 $6 7. c3 (7. Nxe5
Nxe5 8. d4 Bxd4 9. Qxd4 d6 10. c3 $14) 7... d6 (7... Nxe4 $2 8. Qe2 d5 9. d3
Nf6 10. d4 Be7 11. dxe5 Ne4 12. Rd1 Be6 13. c4 $18) (7... O-O 8. d4 Bb6 9. dxe5
Nxe4 10. Bd5 $16) 8. d4 Bb6 (8... exd4 9. cxd4 Ba7 10. Bd5 Bb7 11. Nc3 $16 {
Kashdan,I-Lundin,E/Stockholm/1930/}) 9. a4 $5 (9. dxe5 $5 Nxe5 (9... dxe5 10.
Qxd8+ Kxd8 11. Bxf7 $16) 10. Nxe5 dxe5 11. Qxd8+ Kxd8 12. Bxf7 Ke7 13. Bb3 Bb7
14. Bg5 Rad8 15. Nd2 h6 16. Bxf6+ gxf6 17. Rfd1 Rd7 18. Kf1 Rhd8 19. Ke2 $14) (
9. Bg5 h6 10. Bh4 g5 11. Bg3 Bg4 $15 {Bologan,V-Tkachiev,V/Tilburg/1994/0,5/30/
}) 9... Bb7 (9... Rb8 $6 10. axb5 axb5 11. Na3 Bg4 12. Nxb5 O-O 13. Be3 exd4
14. cxd4 Qe8 15. Ba4 $13 {Almasi,Z-Onichuk,Al/Wijk aan Zee/1995/}) 10. Bg5 O-O
11. Bd5 (11. Na3 h6 12. Bxf6 Qxf6 13. axb5 (13. Nc2 Na5) 13... axb5 14. Nxb5
Rxa1 15. Qxa1 exd4 16. cxd4 Nxd4 $10) 11... h6 12. Bxf6 Qxf6 13. Na3 exd4 14.
cxd4 Rfb8 $5 (14... Rab8 $6 15. axb5 Nxd4 16. Bxb7 Nxf3+ 17. Qxf3 Qxf3 18. gxf3
Rxb7 19. bxa6 Rbb8 20. Nc4 $16) 15. Nc2 (15. axb5 Nxd4 16. Bxb7 Nxf3+ 17. Qxf3
Qxf3 18. gxf3 Rxb7 19. Nc4 Bc5 20. bxa6 Rba7 $10) 15... Qd8 (15... Na5 16. Bxb7
Nxb7 (16... Rxb7 $4 17. axb5 axb5 18. b4 $18) 17. Nb4 $16) 16. axb5 $6 (16. Qd3
$5 bxa4 (16... Na7 $4 17. Bxb7 Rxb7 18. a5) 17. Rxa4 $14) 16... axb5 17. Qd3
Rxa1 18. Rxa1 Na7 19. Bxb7 Rxb7 20. Nb4 $6 (20. d5 $5 c5 21. dxc6 Nxc6 22. Rd1
$40) 20... c5 $10 21. Nd5 c4 22. Qc3 Nc8 23. b3 1/2-1/2